| 000 -LEADER |
| fixed length control field |
00740nam a22001817a 4500 |
| 005 - DATE AND TIME OF LATEST TRANSACTION |
| control field |
20221226152412.0 |
| 008 - FIXED-LENGTH DATA ELEMENTS--GENERAL INFORMATION |
| fixed length control field |
221226s1948ru xxu||||| |||| 00| 0 rus d |
| 041 ## - LANGUAGE CODE |
| Language code of text/sound track or separate title |
rus |
| 080 ## - UNIVERSAL DECIMAL CLASSIFICATION NUMBER |
| Universal Decimal Classification number |
821.161.1 Л - 49 |
| 100 ## - MAIN ENTRY--PERSONAL NAME |
| Personal name |
Лермонтов, М.Ю. |
| 9 (RLIN) |
16589 |
| 245 ## - TITLE STATEMENT |
| Title |
Полное собрание сочинений В 4 томах : |
| Remainder of title |
4т. Проза и письма / |
| Statement of responsibility, etc. |
М. Ю. Лермонтов, Ред.Г, Макогененко |
| 264 ## - PRODUCTION, PUBLICATION, DISTRIBUTION, MANUFACTURE, AND COPYRIGHT NOTICE |
| Place of production, publication, distribution, manufacture |
М.-Л.: |
| Name of producer, publisher, distributor, manufacturer |
ОГИЗ Гослитиздат. |
| Date of production, publication, distribution, manufacture, or copyright notice |
1948 |
| 300 ## - PHYSICAL DESCRIPTION |
| Extent |
513 стр, |
| Other physical details |
22 см. |
| 653 ## - INDEX TERM--UNCONTROLLED |
| keyword |
Проза и письма |
| 653 ## - INDEX TERM--UNCONTROLLED |
| keyword |
პროზა და წერილები |
| 700 ## - ADDED ENTRY--PERSONAL NAME |
| Personal name |
Макогененко, Г |
| Relator term |
რედაქტორი |
| 9 (RLIN) |
16590 |
| 942 ## - ADDED ENTRY ELEMENTS (KOHA) |
| Source of classification or shelving scheme |
|
| Koha item type |
წიგნი |